Lesbian lifestyles : women's work and the politics of sexuality

Αποθηκεύτηκε σε:
Λεπτομέρειες βιβλιογραφικής εγγραφής
Κύριος συγγραφέας: Dunne, Gillian A.
Μορφή: Βιβλίο
Γλώσσα:English
Δημοσίευση: London : Macmillan , c1997
Θέματα:
Ετικέτες: Προσθήκη ετικέτας
Δεν υπάρχουν, Καταχωρήστε ετικέτα πρώτοι!

MARC

LEADER 00000nam a2200000 i 4500
001 1/65024
008 990107s1997 eng d
020 |a 0-333-65782-9 
035 |l 10047064 
040 |a GR-MY-UA  |b gre  |e aacr 
041 0 |a eng 
082 0 |a 306.7663 
100 1 |a Dunne, Gillian A. 
245 1 0 |a Lesbian lifestyles :  |b women's work and the politics of sexuality /  |c Gillian A. Dunne 
260 |a London :   |b Macmillan ,   |c c1997 
300 |a 258 p. 
504 |a Includes bibliographical references and index 
650 0 0 |a Lesbianism. 
650 0 0 |a Lesbians. 
650 0 0 |a Sexual division of labor. 
650 0 0 |a Sex role  |x Economic aspects. 
650 0 0 |a Lesbians  |x Employment. 
852 |a INST  |b LESVOS  |e 19990107  |h 306.7663 DUN  |p 005100017215  |q 005100017215  |t BK  |y 0 
901 |a BIBL-1999-1 
909 |a Λ  |b 060860 
922 |a 1ΕΛΗ  |b 199811  |c ΚΠΣ/ΤΚ  |d ΠΑΠΑΣΩΤΗΡΙΟΥ 
950 |a 103-1998-07-27